01016nam a22002652 4500001001100000005001700011008004100028020001700069040001500086100003300101245012200134250001300256260003100269300001900300650003400319650004200353700004100395852001400436852001400450908001100464950000600475999001700481952012800498952012400626000002034720151217155228.0110913s xx 000 0 eng d a0199289073 : aKABUcKABU1 aPocock, Gillian.@000018054014aThe Human body :ban introduction for the biomedical and health sciences /cGillian Pocock & Christopher D. Richards. a1st ed. aOxford :bO. U. P.,c2009. axviii, 795 p. 0aHuman physiology.@0000155597 0aPhysiology, Pathological.@00001558661 aRichards, Christopher D.@00001805411 9p5180 KES1 9p4900 KES a110913 @1 c12136d12136 00102lcc70aKABUbKABUd2015-12-17l28m5oQP34.5 .P63 2009 c. 2p015006r2022-12-09 00:00:00s2022-12-02w2015-12-17yBK 00102lcc70aKABUbKABUd2015-12-17l10oQP34.5 .P63 2009 c. 1p21298r2026-01-31 14:18:38s2026-01-13w2015-12-17yBK